000 00575cam a22002053a 4500
001 41407
003 PGUSA
005 20140828083931.0
008 121119s2012||||xxu|||||s|||||000 | eng d
040 _aPGUSA
_beng
042 _adc
100 1 _aSymonds, John Addington,
_d1840-1893
245 1 0 _aShelley
_h[electronic resource] /
_cJohn Addington Symonds
260 _bProject Gutenberg,
_c2012
506 _aPublic domain in the USA.
516 _aElectronic text
830 0 _aProject Gutenberg
_v41407
856 4 0 _uhttp://www.gutenberg.org/ebooks/41407
942 _cEB
999 _c270659
_d270659